000 00941nam a22002417a 4500
001 3634
003 FISKH
005 20240401135811.0
008 240401b cb ||||| |||| 00| 0 eng d
040 _aFISK
_beng
_cFISK
_dFISK
050 _aDC203.H57
082 _a944.05
100 _aHeuston Burton Kimberley
_d1960
245 _aEgotist /
_bNapoleon emperor and conqueror
_cKimberley Burton Heuston
260 _aNew York :
_bScholastic,
_c2010
300 _a128 pages :
_billustrations,
_c19 cm
505 _aU
520 _aAn engaging biography of Napoleon Bonaparte--one of the most brilliant and reckless generals in history--who declared himself emperor of France in 1804, conquered lands from Portugal to Poland, made kings and queens of his family members, and nearly brought all of Europe to its knees.
521 8 _a990
_bLexile
700 _aKimberley Burton Heuston
942 _2ddc
_cBK
_n0
999 _c3634
_d3634